Former Clubs Of Current Tottenham Hotspur Players - Statistics

General Stats
  • This quiz has been taken 407 times
  • The average score is 11 of 20
Answer Stats
Player Former Club % Correct
Hugo Lloris Lyon
89%
Christian Eriksen Ajax
78%
Jan Vertonghen Ajax
76%
Dele Alli MK Dons
69%
Toby Alderweireld Atletico Madrid
67%
Son Heung-min Bayer Leverkusen
66%
Eric Dier Sporting Lisbon
64%
Moussa Sissoko Newcastle United
63%
Victor Wanyama Southampton
63%
Ben Davies Swansea City
62%
Erik Lamela AS Roma
61%
Michel Vorm Swansea City
61%
Kieran Trippier Burnley
59%
Moussa Dembele Fulham
52%
Kyle Walker Sheffield United
52%
Vincent Janssen AZ Alkmaar
39%
Georges-Kévin N'Koudou Marseille
36%
Danny Rose Leeds United
33%
Pau Lopez Espanyol
28%
Kevin Wimmer Koln
19%
No matching quizzes found
Score Distribution
Percent of People with Each Score
Percentile by Number Answered
Your Score History
You have not taken this quiz